| 000 | 00523nam a2200181Ia 4500 | ||
|---|---|---|---|
| 008 | 100122s9999 xx 000 0 und d | ||
| 082 |
_b66741 _aBM823 |
||
| 100 | _aKATSCHKE JUDY | ||
| 245 | _aTHE CASE OF CLUES CIRCUS CALER | ||
| 250 | _a1 | ||
| 260 |
_bHARPER COLLINS PUB _c2003 |
||
| 300 | _a84 | ||
| 520 | _aTHE NEW ADVENTURES OF MARY-KATE & ASHLEY | ||
| 620 | _aTHE NEW ADVENTURES OF MARY-KATE & ASHLEY | ||
| 630 | _aTHE CASE OF CLUES CIRCUS CALER | ||
| 730 | _aTHE CASE OF CLUES CIRCUS CALER | ||
| 942 | _cBOOK | ||
| 999 |
_c380606 _d380603 |
||